| 000 | 00518cam a2200217ua 4500 | ||
|---|---|---|---|
| 001 | 7958 | ||
| 005 | 20260515114256.0 | ||
| 008 | 150108n ii |||gr||||Z||||||hin | ||
| 040 | _cMAIN | ||
| 041 | _ahin | ||
| 082 | _a294.5 | ||
| 100 |
_aDuvedi, H. P., _eAuthor., |
||
| 245 |
_aPrithviraj Raso _cBy Hajari Prasad Duvedi |
||
| 250 | _a1st. | ||
| 260 |
_aIlahabad: _bSahitya, _c1998. |
||
| 300 | _a230p. | ||
| 653 | _aReligions ofIndic origin | ||
| 653 | _aHinduism | ||
| 700 |
_aSingh, N., _eAuthor. |
||
| 942 | _cBK | ||
| 999 |
_c7072 _d7072 |
||